Construcción : cómo funciona un edificio, principios elementales

Bibliographic Details
Main Author: Allen, Edward
Format: Section = Libro
Language:Undetermined
Spanish
Published: Barcelona Gustavo Gili 1982
Subjects:
LEADER 00526nam a2200181Ia 4500
008 240829s9999 xx 000 0 und d
020 |a 84-252-1089-5 
040 |a BIBLIOTECA-RUSB/ 721.044 A425 
041 |a spa 
082 |a 721.044 A425 
100 1 |a Allen, Edward 
245 1 0 |a Construcción : cómo funciona un edificio, principios elementales 
260 |a Barcelona  |b Gustavo Gili  |c 1982 
300 |a 258 p. :il. 
650 7 |a ARQUITECTURA, CONSTRUCCION, EDIFICIOS, INGENIERIA 
942 |c BK  |2 ddc 
991 |a TEXTO 
999 |c 5141